Countries With the Most Brain Power - Statistics

General Stats
  • This quiz has been taken 3,713 times
  • The average score is 50 of 55
Answer Stats
Hint Answer % Correct
19 (76%) United States of America
100%
2.97 M United States of America
100%
44.7 M United States of America
100%
338 United States of America
100%
42% United States of America
100%
1.873 M United States of America
100%
12 United States of America
100%
0.68 M England
98%
9.4 M England
98%
4 (16%) United Kingdom
98%
119 United Kingdom
98%
38% United Kingdom
98%
599 T United Kingdom
98%
0.65 M China
97%
3.4 M China
97%
1.056 M China/Hong Kong
97%
0.55 M France
95%
6.3 M France
95%
59 France
95%
439 T France
95%
0.76 M Germany
95%
9.4 M Germany
95%
103 Germany
95%
510 T Germany
95%
0.79 M Japan
95%
7.6 M Japan
95%
45% Japan
95%
1.270 M Japan
95%
1 (4%) Canada
92%
0.42 M Canada
92%
5.2 M Canada
92%
21 Canada
92%
51% Canada
92%
122 T Canada
92%
23 Russia
92%
147 T Russia
92%
0.40 M Italy
90%
4.4 M Italy
90%
20 Italy
90%
0.31 M Spain
90%
166 T Spain
90%
29 Sweden
90%
0.28 M Australia
87%
3.1 M Australia
87%
38% Australia
87%
40% South Korea
84%
624 T South Korea
84%
1 (4%) Switzerland
80%
25 Switzerland
80%
38% Finland
76%
3.4 M Netherlands
76%
20 Austria
72%
41% New Zealand
71%
37% Ireland
68%
46% Israel
49%
No matching quizzes found
Score Distribution
Percent of People with Each Score
Percentile by Number Answered
Your Score History
You have not taken this quiz